000 00325nam a2200145 i 4500
001 bg
100 1 _aTYMOWSKI, J.
245 0 _aTechnologia budowy maszyn /
_cJ. Tymowski.
250 _aWyd.4.
260 _aWarszawa,
_c1969.
040 _cBPK
041 _apol
942 _cKS
008 s pl f |000 0 pol
999 _c10512
_d10512
856 _uhttp://koha.tu.koszalin.pl/cgi-bin/koha/opac-detail.pl?biblionumber=10512
_yKatalog online BPK